00732nam a22001817a 4500003000900000008004100009020001800050040007100068082002400139100001700163245007300180260007200253300004400325505012200369650002000491650002100511650001800532AR-CdUCM190531b ||||| |||| 00| 0 spa d a84-89295-78-6 aMUNICIPALIDAD PROVINCIAL DEL CUSCOcBIBLIOTECA MUNICIPAL DEL CUSCO 22eda980.514 /bR35 aRegan, Jaime aHacia la tierra sin mal :bla religión del pueblo en la Amazonia / aIquitos :bCentro de Estudios Teológicos de la Amazonía,c1993. a456 páginas ;bFotografías,c21 cm. aContenido: La metodología y los presupuestos teóricos -- El contexto histórico -- El contexto socioeconomico... aCultura popular aAmazonia peruana aSelva Peruana